zpět

Detail výsledku týmu

Repuls, Hodonín

Datum a čas kvízu

41.5 Celkem bodů Celkový počet nahraných bodů na tomto kvízu bez doplňovacích otázek.
1. Pořadí na kvízu Konečné umístění týmu na tomto kvízu.

Zaznamenané odpovědi

# Otázka Odpověď Body Výsledky
1. Obyvatelé Ostravy se po 21 let... (Moravskoslezská vědecká) knihovna 0
2. V pondělí byl v Paříži zahájen... Kim Kardashian 0
3. Režisér Karel Janák minulý týd... Snowboarďáci 1
4. Který evropský poloostrov post... Pyrenejský (Iberský) 1
5. Minulý týden plnil stránky spo... Andrej Kollár 0
6. Podíváme se na několik známých... Džoser 0
7. V Egyptě ještě chvíli zůstane... Tutanchamon 1
8. Jak se nazývá tento pantheon –... Slavín 1
9. Tento hřbitov je situován při... Arlingtonský 1
10. V poslední otázce tématu se po... Kolja 1